Movie Subtitle Madness III Quiz Stats

Quiz Updated Nov 10, 2015

Challenge
Share
Tweet
Embed
Score 0/30 Timer 05:00
5 Plays Today
% Correct
The Spy Who Shagged Me
92.3%
Catching Fire
92.3%
Lost in New York
92.2%
Battle of the Smithsonian
91%
Pig in the City
90.8%
The Desolation of Smaug
89.9%
Chipwrecked
89.8%
New Moon
89.5%
When Nature Calls
85.5%
The Rise of Cobra
79.4%
Back to the Minors
79.4%
Havana Nights
78.5%
Book of Secrets
76.7%
The Revenge of Kitty Galore
76.6%
Back in Business
72.2%
% Correct
All Saints Day
70.6%
Trinity
70.4%
The Edge of Reason
65.1%
The Legend of Curly's Gold
62.1%
Evolution
56.6%
The Ghost Dimension
54.5%
Europe's Most Wanted
52.7%
State of the Union
52.5%
The Mysterious Island
52.4%
Afterlife
50.8%
The Possession
50%
The Rise of Taj
43.1%
The Return
38.5%
The Quickening
37%
Re-Entry
27%

You're not logged in!

Compare scores with friends on all Sporcle quizzes.
Join for Free
OR
Log In

You Might Also Like...

Show Comments

Extras

Top Quizzes Today


Score Distribution

Your Account Isn't Verified!

In order to create a playlist on Sporcle, you need to verify the email address you used during registration. Go to your Sporcle Settings to finish the process.

Report this User

Report this user for behavior that violates our Community Guidelines.

Details: